Capitali del mondo che iniziano con la K - Statistics

Statistiche generali
  • Questo quiz è stato fatto 690 volte
  • Il punteggio medio è 7 su 11
Statistiche sulle risposte
Risposte % Corretto
Kuala lumpur
69%
Kuwait City
65%
Kabul
63%
Kigali
63%
Kinshasa
62%
Kingston
61%
Kampala
60%
Kiev
60%
Kathmandu
59%
Khartum
55%
Kingstown
52%
Nessun quiz corrispondente trovato
Distribuzione punteggi
Percentuale di utenti per punteggio
Percentile per numero di risposta
I tuoi punteggi nel tempo
Non hai fatto questo quiz